000
00265nam a22001097a 4500
008
170111b xxu||||| |||| 00| 0 eng d
020
_a
9780763778484
041
_a
eng
080
_a
618.2
245
_a
CRITICAL CARE NURSING PRACTICE GUIDE
_c
SIMON, E
942
_2
udc
_c
BK
999
_c
2703
_d
2703